000
nam a22 7a 4500
999
_c
46180
_d
46180
003
OSt
005
20190410154253.0
008
190410b xxu||||| |||| 00| 0 eng d
040
_c
IIMT UNIVERSITY
100
_a
D.S. KUMAR
245
_a
MECHANICAL ENGINEERING
250
_a
4TH
260
_a
NEW DELHI
_b
KATSON
_c
2008
300
_a
820
942
_2
ddc
_c
09